Giống và kỹ thuật trồng lúa cực sớm nhóm Ao - OMCS

Cuốn sách nhỏ "Lúa cực sớm Ao - OMCS" được viết trên cơ sở kết quả nghiên cứu và sản xuất từ 20 năm trước, thực hiện bởi nhiều nhà khoa học ở Viện Lúa ĐBSCL, như TS. Nguyễn Văn Loãn, KS. Lê An Ninh và hàng chục kỹ sư trẻ, của nh...

Volledige beschrijving

Bewaard in:
Bibliografische gegevens
Hoofdauteur: Nguyễn, Văn Luật
Formaat: Boek
Taal:Undetermined
Gepubliceerd in: Hà Nội Nông nghiệp 2006
Onderwerpen:
Tags: Voeg label toe
Geen labels, Wees de eerste die dit record labelt!
Thư viện lưu trữ: Trung tâm Học liệu Trường Đại học Cần Thơ
LEADER 01096nam a2200217Ia 4500
001 CTU_128335
008 210402s9999 xx 000 0 und d
020 |c 15000 
082 |a 633.18 
082 |b L504 
100 |a Nguyễn, Văn Luật 
245 0 |a Giống và kỹ thuật trồng lúa cực sớm nhóm Ao - OMCS 
245 0 |c Nguyễn Văn Luật 
260 |a Hà Nội 
260 |b Nông nghiệp 
260 |c 2006 
520 |a Cuốn sách nhỏ "Lúa cực sớm Ao - OMCS" được viết trên cơ sở kết quả nghiên cứu và sản xuất từ 20 năm trước, thực hiện bởi nhiều nhà khoa học ở Viện Lúa ĐBSCL, như TS. Nguyễn Văn Loãn, KS. Lê An Ninh và hàng chục kỹ sư trẻ, của nhiều cơ quan bạn hợp tác và nhất là kết quả sản xuất của bà con nông dân. 
650 |a Rice,Rice,Lúa 
650 |x Research,Nghiên cứu 
904 |i Giang 
980 |a Trung tâm Học liệu Trường Đại học Cần Thơ